000
00293nam a2200109Ia 4500
008
200302s9999 xx 000 0 und d
100
_a
Geoffrey Purves
245
_a
Primary Care Centres A Guide to Health Care Design 2nd ed
260
_b
Architectural Press
260
_c
2009
300
_a
198 P.,
999
_c
3260
_d
3260